000 00200 a2200097 4500
001 35070
100 _aBAT Jim Bates
245 _aParachuting
260 _aUSA
_bTab Books
_c
090 _c23218
_d23218
942 _aNUST-CAE
_cM
_c14690
999 _c270143
_d270143